Perspektívy aplikácie štandardov Industry 4.0 bakalárska práca

Na minha lista:
Detalhes bibliográficos
Autor principal: Fabrici, Marián
Autor Corporativo: Podnikovohospodárska fakulta EU so sídlom v Košiciach. Katedra informačnej a jazykovej komunikácie
Outros Autores: Tarča, Alexander
Formato: Livro
Idioma:eslovaco
Publicado em: Košice 2020
Tags: Adicionar Tag
Sem tags, seja o primeiro a adicionar uma tag!

MARC

LEADER 00000nbm a2200000 4500
001 0265437
005 20210421122000.5
041 0 |a slo 
044 |a SK 
245 1 0 |a Perspektívy aplikácie štandardov Industry 4.0  |b bakalárska práca  |c Marián Fabrici ; školiteľ: Alexander Tarča 
264 1 |a Košice  |c 2020 
300 |a 41 s. 
100 1 |a Fabrici, Marián 
700 1 |a Tarča, Alexander 
710 2 |a Podnikovohospodárska fakulta EU so sídlom v Košiciach. Katedra informačnej a jazykovej komunikácie